[Event "Madrid ch - Previa A 2013"]
[Site "Madrid ESP"]
[Date "2013.02.13"]
[Round "6.28"]
[White "Apaza, Gabriela Erika"]
[Black "Suarez Mencia, Roberto"]
[Result "0-1"]
[WhiteElo "1196"]
[BlackElo "1555"]
[PlyCount "74"]
[EventDate "2013.02.04"]
[EventType "swiss"]
[EventRounds "9"]
[EventCountry "ESP"]
[Source "lmi"]
[SourceDate "2013.02.04"]

1. d4 Nf6 2. Nf3 g6 3. e3 Bg7 4. Bd3 d6 5. Nbd2 Nbd7 6. O-O O-O 7. e4 e5 8. d5
Re8 9. Re1 c6 10. c4 Qb6 11. Qb3 Qxb3 12. Nxb3 a5 13. a4 c5 14. Bd2 b6 15. Nc1
Nf8 16. Ne2 Nh5 17. Ng3 Nxg3 18. hxg3 h6 19. Nh4 Nh7 20. f4 Bd7 21. f5 gxf5 22.
Nxf5 Bxf5 23. exf5 e4 24. Rxe4 Rxe4 25. Bxe4 Re8 26. Bd3 Nf6 27. Re1 Rxe1+ 28.
Bxe1 Ng4 29. Bf2 Bxb2 30. Kf1 Kg7 31. Ke2 Kf6 32. Kf3 Ne5+ 33. Ke3 Bd4+ 34. Ke2
Bxf2 35. Kxf2 Nxd3+ 36. Ke3 Nb2 37. Kd2 Kxf5 0-1

[Event "Madrid ch - Previa A 2013"]
[Site "Madrid ESP"]
[Date "2013.02.18"]
[Round "7.1"]
[White "Rosa Ramirez, Victor D"]
[Black "Lopez Heras, Arturo"]
[Result "0-1"]
[WhiteElo "1911"]
[BlackElo "1917"]
[PlyCount "54"]
[EventDate "2013.02.04"]
[EventType "swiss"]
[EventRounds "9"]
[EventCountry "ESP"]
[Source "lmi"]
[SourceDate "2013.02.04"]

1. e4 d6 2. d4 Nf6 3. Nc3 e5 4. Nf3 Nbd7 5. Bc4 Be7 6. O-O O-O 7. Qe2 c6 8. a4
exd4 9. Nxd4 Ne5 10. Bb3 Re8 11. h3 Qc7 12. f4 Ng6 13. Nf3 d5 14. f5 Bxf5 15.
Ng5 Bxe4 16. Kh1 Bf8 17. Rxf6 gxf6 18. Ncxe4 Bg7 19. Nxf6+ Bxf6 20. Qf2 Re7 21.
Bd2 Bxb2 22. Rf1 Rae8 23. c3 Re2 24. Qd4 Qg3 25. Qh8+ Kxh8 26. Nxf7+ Kg7 27.
Bh6+ Kg8 0-1

[Event "Madrid ch - Previa A 2013"]
[Site "Madrid ESP"]
[Date "2013.02.18"]
[Round "7.3"]
[White "Fernandez Garcia, Ignacio"]
[Black "Osorio Ramos, Francisco"]
[Result "1-0"]
[WhiteElo "1835"]
[BlackElo "1831"]
[PlyCount "103"]
[EventDate "2013.02.04"]
[EventType "swiss"]
[EventRounds "9"]
[EventCountry "ESP"]
[Source "lmi"]
[SourceDate "2013.02.04"]

1. e4 d5 2. exd5 Nf6 3. Nc3 Nxd5 4. Bc4 c6 5. Qf3 e6 6. Nge2 Nd7 7. d4 Qf6 8.
Qg3 Qg6 9. Qh3 N7f6 10. Bd3 Qg4 11. Qxg4 Nxg4 12. Nxd5 exd5 13. Bg5 f6 14. Bf4
g5 15. h3 Nh6 16. Bd2 Nf5 17. O-O-O Bd7 18. f4 h6 19. Rhf1 Nd6 20. Bg6+ Kd8 21.
fxg5 fxg5 22. Ng3 Nc4 23. Rde1 Bd6 24. Nf5 Nxd2 25. Nxd6 Nxf1 26. Nf7+ Kc7 27.
Nxh8 Rxh8 28. Rxf1 Be8 29. Bxe8 Rxe8 30. Rf7+ Kb6 31. Kd2 Re4 32. c3 g4 33.
hxg4 Rxg4 34. Rf2 Re4 35. Re2 Rg4 36. Ke3 Rg7 37. Kf4 a5 38. g4 Rf7+ 39. Kg3
Rf1 40. Rh2 Rf6 41. Rf2 Rxf2 42. Kxf2 Kc7 43. Kg3 Kd6 44. Kh4 b5 45. Kh5 b4 46.
Kxh6 c5 47. g5 c4 48. g6 a4 49. g7 a3 50. bxa3 bxc3 51. g8=Q c2 52. Qg1 1-0

[Event "Madrid ch - Previa A 2013"]
[Site "Madrid ESP"]
[Date "2013.02.18"]
[Round "7.4"]
[White "Martin-Consuegra Barrilero, Francisco Javier"]
[Black "Camarero Izquierdo, Juan Carlos"]
[Result "1/2-1/2"]
[WhiteElo "1883"]
[BlackElo "1922"]
[PlyCount "51"]
[EventDate "2013.02.04"]
[EventType "swiss"]
[EventRounds "9"]
[EventCountry "ESP"]
[Source "lmi"]
[SourceDate "2013.02.04"]

1. d4 f5 2. Bf4 Nf6 3. e3 e6 4. Nf3 d5 5. a3 Bd6 6. Bg3 Ne4 7. Be5 Bxe5 8. Nxe5
O-O 9. Nd2 Nd7 10. Ndf3 Ndf6 11. h3 Bd7 12. c4 c6 13. Qc2 Be8 14. Be2 Bh5 15.
O-O Bxf3 16. Bxf3 g5 17. Bxe4 dxe4 18. Rad1 g4 19. h4 Nh5 20. g3 Rf6 21. Kg2
Rh6 22. Qc3 Qf6 23. d5 cxd5 24. cxd5 exd5 25. Rxd5 Re8 26. Rc1 1/2-1/2

[Event "Madrid ch - Previa A 2013"]
[Site "Madrid ESP"]
[Date "2013.02.18"]
[Round "7.5"]
[White "Ruiz Quevedo, Andres"]
[Black "Montes De Santiago, Fernando"]
[Result "1/2-1/2"]
[WhiteElo "1917"]
[BlackElo "1826"]
[PlyCount "80"]
[EventDate "2013.02.04"]
[EventType "swiss"]
[EventRounds "9"]
[EventCountry "ESP"]
[Source "lmi"]
[SourceDate "2013.02.04"]

1. c4 d5 2. cxd5 Qxd5 3. Nc3 Qa5 4. d4 Nf6 5. Nf3 Bg4 6. Ne5 Bh5 7. Bf4 e6 8.
Qb3 Qb6 9. e3 Qxb3 10. axb3 Bb4 11. Nd3 Bd6 12. Bxd6 cxd6 13. Nb5 Kd7 14. Rxa7
Rxa7 15. Nxa7 Nc6 16. Nxc6 bxc6 17. Be2 Bg6 18. f3 Rb8 19. e4 Rxb3 20. Kd2 Ne8
21. Ra1 Rb7 22. Kc3 Nc7 23. Nf4 Ke7 24. h4 f6 25. Nxg6+ hxg6 26. Ra5 e5 27.
dxe5 fxe5 28. Bd3 Ne6 29. g3 Nd4 30. f4 Rb3+ 31. Kc4 Ke6 32. fxe5 dxe5 33. Ra2
Kd6 34. g4 Rb8 35. Ra7 Ne6 36. b4 Rh8 37. b5 cxb5+ 38. Kxb5 Rxh4 39. Ra6+ Ke7
40. Ra7+ Kd6 1/2-1/2

[Event "Madrid ch - Previa A 2013"]
[Site "Madrid ESP"]
[Date "2013.02.18"]
[Round "7.6"]
[White "Gonzalez Mateo, Jose Luis"]
[Black "Santamaria Baeza, Adolfo"]
[Result "0-1"]
[WhiteElo "1819"]
[BlackElo "1873"]
[PlyCount "64"]
[EventDate "2013.02.04"]
[EventType "swiss"]
[EventRounds "9"]
[EventCountry "ESP"]
[Source "lmi"]
[SourceDate "2013.02.04"]

1. d4 e6 2. Bf4 Nf6 3. e3 c5 4. c3 Nc6 5. Bd3 cxd4 6. exd4 g6 7. Nd2 Bg7 8. Nc4
O-O 9. Nd6 Nh5 10. Bg3 a6 11. Nf3 Qe7 12. Ne4 Nxg3 13. hxg3 d5 14. Neg5 e5 15.
dxe5 Nxe5 16. Be2 Nxf3+ 17. Nxf3 Re8 18. Qd2 h5 19. Kf1 Bf5 20. Re1 Qc5 21. Bd1
Rxe1+ 22. Nxe1 Qc4+ 23. Kg1 Qxa2 24. Rh4 Re8 25. Rb4 b5 26. Nc2 Bxc2 27. Bxc2
Qa1+ 28. Bd1 Bh6 29. Qxh6 Re1+ 30. Kh2 Qxd1 31. g4 Rh1+ 32. Kg3 h4+ 0-1

[Event "Madrid ch - Previa A 2013"]
[Site "Madrid ESP"]
[Date "2013.02.18"]
[Round "7.7"]
[White "Morera Rodriguez, Ignacio"]
[Black "Zuazua Conde, Ivan Javier"]
[Result "1-0"]
[WhiteElo "1863"]
[BlackElo "1605"]
[PlyCount "78"]
[EventDate "2013.02.04"]
[EventType "swiss"]
[EventRounds "9"]
[EventCountry "ESP"]
[Source "lmi"]
[SourceDate "2013.02.04"]

1. d4 d5 2. c4 c6 3. Nf3 Nf6 4. e3 Bf5 5. Be2 e6 6. O-O Bd6 7. b3 Nbd7 8. Bb2
h6 9. Nbd2 O-O 10. Ne5 Rc8 11. Ndf3 Ne4 12. Nxd7 Qxd7 13. Ne5 Qd8 14. f3 Nf6
15. Bd3 Bxd3 16. Qxd3 Nd7 17. e4 dxe4 18. Qxe4 Nf6 19. Qe2 Re8 20. Rad1 Qe7 21.
f4 Rcd8 22. Rf3 c5 23. Rg3 cxd4 24. Bxd4 Bc5 25. Rgd3 Bxd4+ 26. Rxd4 Rxd4 27.
Rxd4 Qc5 28. Qf2 Qc7 29. Qd2 Re7 30. Qd3 Kf8 31. b4 g6 32. g4 Kg7 33. a3 Ne8
34. Kf2 Nf6 35. h4 Re8 36. g5 hxg5 37. hxg5 Nh5 38. Rd7 Qb8 39. Rxf7+ Kg8 1-0

[Event "Madrid ch - Previa A 2013"]
[Site "Madrid ESP"]
[Date "2013.02.18"]
[Round "7.8"]
[White "Santacruz Molina, Ildefonso"]
[Black "Diaz Begonte, Manuel"]
[Result "1-0"]
[WhiteElo "1885"]
[BlackElo "1825"]
[PlyCount "73"]
[EventDate "2013.02.04"]
[EventType "swiss"]
[EventRounds "9"]
[EventCountry "ESP"]
[Source "lmi"]
[SourceDate "2013.02.04"]

1. d4 d5 2. Nc3 Bf5 3. Bf4 e6 4. e3 Bd6 5. Bg3 Nf6 6. Bd3 Ne4 7. Bxe4 dxe4 8.
Nge2 a6 9. O-O Nd7 10. d5 e5 11. Nb1 h5 12. h3 h4 13. Bh2 g5 14. f4 exf4 15.
exf4 g4 16. Nd4 Bc5 17. Kh1 g3 18. Nxf5 Qf6 19. Bg1 Qxf5 20. Bxc5 O-O-O 21. Be3
Nf6 22. c4 Qd7 23. Nc3 Ne8 24. Qd4 Nd6 25. Qa7 Qe7 26. Bc5 f5 27. Bxd6 cxd6 28.
Rac1 Kc7 29. Ne2 Ra8 30. Qe3 b6 31. Rfd1 Kb7 32. b4 Rae8 33. c5 Qc7 34. c6+ Ka7
35. a4 Rb8 36. Nd4 Rhf8 37. Ne6 1-0

[Event "Madrid ch - Previa A 2013"]
[Site "Madrid ESP"]
[Date "2013.02.18"]
[Round "7.10"]
[White "Barroso Barroso, Jorge"]
[Black "Caamano Jimenez, Luis"]
[Result "1-0"]
[WhiteElo "1859"]
[BlackElo "1764"]
[PlyCount "71"]
[EventDate "2013.02.04"]
[EventType "swiss"]
[EventRounds "9"]
[EventCountry "ESP"]
[Source "lmi"]
[SourceDate "2013.02.04"]

1. e4 d6 2. d4 Nf6 3. Nc3 g6 4. Be2 Bg7 5. h4 c6 6. h5 Qa5 7. hxg6 fxg6 8. Bf3
Be6 9. Nge2 Na6 10. Bd2 Qb6 11. e5 dxe5 12. dxe5 Ng4 13. Bxg4 Bxg4 14. f3 Be6
15. Nf4 Nc7 16. Qe2 O-O-O 17. O-O-O Qa5 18. Nxe6 Nxe6 19. Qc4 Nc7 20. Ne4 Qxe5
21. Bc3 Qf4+ 22. Kb1 Rxd1+ 23. Rxd1 Bxc3 24. Nd6+ Qxd6 25. Rxd6 exd6 26. Qxc3
Re8 27. b3 Re7 28. Qd4 Nb5 29. Qh8+ Kc7 30. a4 a6 31. axb5 axb5 32. Qf8 Rd7 33.
g4 c5 34. f4 b4 35. f5 gxf5 36. gxf5 1-0

[Event "Madrid ch - Previa A 2013"]
[Site "Madrid ESP"]
[Date "2013.02.18"]
[Round "7.13"]
[White "Martinez Rubio, Felipe"]
[Black "Maseda Iglesias, Luis"]
[Result "1/2-1/2"]
[WhiteElo "1826"]
[BlackElo "1747"]
[PlyCount "29"]
[EventDate "2013.02.04"]
[EventType "swiss"]
[EventRounds "9"]
[EventCountry "ESP"]
[Source "lmi"]
[SourceDate "2013.02.04"]

1. e4 d5 2. exd5 Qxd5 3. Nc3 Qa5 4. d4 Nf6 5. Nf3 Bg4 6. h3 Bh5 7. Be2 Nc6 8.
O-O O-O-O 9. Be3 Qf5 10. g4 Bxg4 11. hxg4 Qxg4+ 12. Kh2 Qh5+ 13. Kg2 Qg4+ 14.
Kh2 Qh5+ 15. Kg2 1/2-1/2

[Event "Madrid ch - Previa A 2013"]
[Site "Madrid ESP"]
[Date "2013.02.19"]
[Round "8.2"]
[White "Rosa Ramirez, Victor D"]
[Black "Fernandez Garcia, Ignacio"]
[Result "1-0"]
[WhiteElo "1911"]
[BlackElo "1835"]
[PlyCount "93"]
[EventDate "2013.02.04"]
[EventType "swiss"]
[EventRounds "9"]
[EventCountry "ESP"]
[Source "lmi"]
[SourceDate "2013.02.04"]

1. e4 e6 2. d4 d5 3. e5 c5 4. c3 Nc6 5. Nf3 Bd7 6. a3 f6 7. Bd3 Be7 8. O-O c4
9. Bc2 f5 10. Ne1 h5 11. f4 Nh6 12. Qxh5+ Kf8 13. Nf3 Nf7 14. Qg6 Qc8 15. Qg3
Qd8 16. Ng5 Bxg5 17. fxg5 g6 18. Bd1 Qb6 19. a4 Kg7 20. Nd2 Nxd4 21. cxd4 Qxd4+
22. Qf2 Qxf2+ 23. Rxf2 Nxe5 24. Be2 Rac8 25. Nf3 Nxf3+ 26. Bxf3 Rhe8 27. Be3 a6
28. a5 Bc6 29. Rd2 Rcd8 30. Bb6 Rd7 31. Re1 Kf7 32. Bd4 Rc7 33. h4 Kg8 34. Rde2
Rh7 35. g3 Kf7 36. Kg2 Ba4 37. Re3 Bc6 38. Kh3 Bd7 39. g4 Kf8 40. gxf5 gxf5 41.
Bc5+ Kf7 42. h5 Rg8 43. Rg1 f4 44. Re5 Rhh8 45. h6 Rxh6+ 46. gxh6 Rxg1 47. Bxg1
1-0

[Event "Madrid ch - Previa A 2013"]
[Site "Madrid ESP"]
[Date "2013.02.19"]
[Round "8.3"]
[White "Camarero Izquierdo, Juan Carlos"]
[Black "Morera Rodriguez, Ignacio"]
[Result "1-0"]
[WhiteElo "1922"]
[BlackElo "1863"]
[PlyCount "95"]
[EventDate "2013.02.04"]
[EventType "swiss"]
[EventRounds "9"]
[EventCountry "ESP"]
[Source "lmi"]
[SourceDate "2013.02.04"]

1. d4 Nf6 2. Nc3 d5 3. Bg5 Nbd7 4. Nf3 g6 5. Qd2 Ne4 6. Qe3 Nxg5 7. Nxg5 Nf6 8.
f4 Bg7 9. O-O-O h6 10. Nf3 Ng4 11. Qg1 Qd6 12. e3 a6 13. Bd3 c5 14. Ne5 cxd4
15. exd4 b5 16. Be2 Nf6 17. Bf3 Bf5 18. g4 Be4 19. Qg2 Bxf3 20. Qxf3 Rc8 21. g5
Nd7 22. Nxd5 Nxe5 23. dxe5 Qc6 24. Rd2 hxg5 25. Rhd1 Kf8 26. Qa3 Re8 27. Nxe7
Qe6 28. Nxg6+ Kg8 29. Nxh8 Kxh8 30. Rd6 Qg4 31. Qg3 Qxf4+ 32. Qxf4 gxf4 33. Rd8
Rxd8 34. Rxd8+ Kh7 35. Re8 Kg6 36. e6 f3 37. Kd1 Bxb2 38. Ke1 fxe6 39. Rxe6+
Kf5 40. Rxa6 Kg4 41. Rb6 Bc3+ 42. Kf1 b4 43. Rg6+ Kf5 44. Rg8 Kf4 45. h4 Ke4
46. h5 Ke3 47. h6 Kf4 48. h7 1-0

[Event "Madrid ch - Previa A 2013"]
[Site "Madrid ESP"]
[Date "2013.02.19"]
[Round "8.4"]
[White "Santamaria Baeza, Adolfo"]
[Black "Saber, Salah"]
[Result "1/2-1/2"]
[WhiteElo "1873"]
[BlackElo "1844"]
[PlyCount "152"]
[EventDate "2013.02.04"]
[EventType "swiss"]
[EventRounds "9"]
[EventCountry "ESP"]
[Source "lmi"]
[SourceDate "2013.02.04"]

1. e4 d6 2. d4 Nf6 3. Nc3 e6 4. Bd3 Nbd7 5. Nf3 c6 6. O-O Be7 7. Re1 e5 8. b3
exd4 9. Nxd4 Ne5 10. Nf5 Bxf5 11. exf5 O-O 12. Bb2 Nfg4 13. Ne4 d5 14. Bxe5
Nxe5 15. Ng3 f6 16. Bf1 Bc5 17. Qh5 Qb6 18. Re2 Rae8 19. c4 Nf7 20. Rae1 Bxf2+
21. Rxf2 Rxe1 22. cxd5 cxd5 23. Qf3 Rd8 24. h4 Qe3 25. Kh2 Ne5 26. Qxe3 Rxe3
27. Rd2 a6 28. Be2 b5 29. Nf1 Rc3 30. Ng3 g6 31. Ne4 Rc6 32. g4 Kf7 33. fxg6+
hxg6 34. g5 fxg5 35. Nxg5+ Kg7 36. Kg3 Nf7 37. Nf3 Rc3 38. Kf4 Kf6 39. Bd3 Rdc8
40. Bf1 Rd8 41. Bd3 Re8 42. Bb1 Rc1 43. Bc2 Ne5 44. Bd1 Nxf3 45. Bxf3 Rd8 46.
Rd4 Rf1 47. a4 Ke6 48. Kg3 Ke5 49. axb5 axb5 50. Rb4 Rd6 51. Rg4 Rg1+ 52. Bg2
Rb1 53. Rg5+ Kf6 54. Bxd5 Rd8 55. Kf2 Rxd5 56. Rxd5 Rxb3 57. Rd4 Ke5 58. Rg4
Kf5 59. Rg5+ Kf6 60. Rc5 Rb4 61. h5 gxh5 62. Rxh5 Ke6 63. Ke3 Kd6 64. Kd3 Kc6
65. Rh6+ Kc5 66. Rh5+ Kb6 67. Kc3 Rg4 68. Rh8 Rc4+ 69. Kb3 Rg4 70. Rb8+ Ka6 71.
Kc3 Rh4 72. Kb3 Ka5 73. Ra8+ Kb6 74. Rb8+ Kc5 75. Rc8+ Kb6 76. Rb8+ Ka5 1/2-1/2

[Event "Madrid ch - Previa A 2013"]
[Site "Madrid ESP"]
[Date "2013.02.19"]
[Round "8.5"]
[White "Hernandez Gutierrez, Jose"]
[Black "Ruiz Quevedo, Andres"]
[Result "1/2-1/2"]
[WhiteElo "1852"]
[BlackElo "1917"]
[PlyCount "52"]
[EventDate "2013.02.04"]
[EventType "swiss"]
[EventRounds "9"]
[EventCountry "ESP"]
[Source "lmi"]
[SourceDate "2013.02.04"]

1. e4 c5 2. Nf3 d6 3. Bb5+ Bd7 4. Bxd7+ Qxd7 5. O-O Nc6 6. c3 g6 7. d4 cxd4 8.
cxd4 Bg7 9. Nc3 Nh6 10. h3 O-O 11. Bf4 f6 12. d5 Ne5 13. Nxe5 dxe5 14. Be3 Nf7
15. Qb3 Rfc8 16. Na4 b6 17. Rac1 Nd6 18. Nc3 Rc7 19. f3 Rac8 20. Ne2 Nc4 21.
Rfd1 Kf8 22. Rd3 Nxe3 23. Rxc7 Qxc7 24. Rxe3 Qc2 25. Rc3 Rxc3 26. Qxc3 Qxe2
1/2-1/2

[Event "Madrid ch - Previa A 2013"]
[Site "Madrid ESP"]
[Date "2013.02.19"]
[Round "8.6"]
[White "Osorio Ramos, Francisco"]
[Black "Santacruz Molina, Ildefonso"]
[Result "0-1"]
[WhiteElo "1831"]
[BlackElo "1885"]
[PlyCount "74"]
[EventDate "2013.02.04"]
[EventType "swiss"]
[EventRounds "9"]
[EventCountry "ESP"]
[Source "lmi"]
[SourceDate "2013.02.04"]

1. Nf3 Nc6 2. d4 d5 3. c4 e5 4. cxd5 Qxd5 5. Nc3 Bb4 6. Bd2 Bxc3 7. Bxc3 e4 8.
Ne5 Nge7 9. e3 Nxe5 10. dxe5 Be6 11. Qa4+ Bd7 12. Qa3 Qe6 13. Qb4 Bc6 14. Bc4
Bd5 15. Bxd5 Nxd5 16. Qa4+ c6 17. Bd4 O-O 18. O-O Rfe8 19. Rfd1 b6 20. b4 c5
21. bxc5 bxc5 22. Bb2 Rab8 23. Rab1 Rb4 24. Qc2 Reb8 25. Ba1 Qb6 26. Rxb4 Qxb4
27. h3 Nc7 28. Kh2 Ne6 29. Rc1 h6 30. Bc3 Qc4 31. Qd2 Qd3 32. f3 Rd8 33. Qf2
exf3 34. gxf3 Qf5 35. Re1 Ng5 36. Kg2 Qxh3+ 37. Kg1 Nxf3+ 0-1

[Event "Madrid ch - Previa A 2013"]
[Site "Madrid ESP"]
[Date "2013.02.19"]
[Round "8.7"]
[White "Montes De Santiago, Fernando"]
[Black "Martin-Consuegra Barrilero, Francisco Javier"]
[Result "1/2-1/2"]
[WhiteElo "1826"]
[BlackElo "1883"]
[PlyCount "34"]
[EventDate "2013.02.04"]
[EventType "swiss"]
[EventRounds "9"]
[EventCountry "ESP"]
[Source "lmi"]
[SourceDate "2013.02.04"]

1. d4 d6 2. Nf3 Nf6 3. Bg5 Ne4 4. Bf4 c6 5. c3 Qb6 6. Qc1 h6 7. e3 g5 8. Bg3
Nxg3 9. hxg3 Bg7 10. Bd3 Nd7 11. Nbd2 d5 12. Rb1 e5 13. dxe5 Nxe5 14. Nxe5 Bxe5
15. Nf3 Bg7 16. O-O O-O 17. Nd4 c5 1/2-1/2